000
00252nam a2200097Ia 4500
001
725727
005
20250826163415.0
008
250824s9999 xx 000 0 und d
245
0
_a
ARŞİMET ZEKAİ GİZLİ GÖREVDE
_c
DURAN ÇETİN
260
_b
ATLI KARINCA
999
_c
725727
_d
725727